000 00830nam a22002657a 4500
001 7314
003 FISKH
005 20250709105450.0
008 250709b cb ||||| |||| 00| 0 eng d
020 _a9780736850667
040 _aFISKH
_beng
_cFISKH
_dFISKH
050 _aQC495 .S365
082 _a535.6
100 _aSchuette, Sarah L.
245 _aOrange :
_bSeeing orange all around us /
_cby Sarah L. Schuette
260 _aMinnesota :
_bCapstone Press,
_c2003
300 _a32 pages :
_bcolor illustrations ;
_c26 cm
505 _aJ
520 _aText and photographs describe common things that are orange, including goldfish, pumpkins, and basketballs.
521 8 _a440
_bLexile estimate
521 8 _aJ
_bRaz-Plus
650 _aOranges
_vScience
_xSkills
942 _2ddc
_cBK
_n0
999 _c7314
_d7314